000 00347 a2200157 4500
001 190170
020 _a978-84-9713-087-5
040 _cMagnum
100 _aMerino, José María
240 1 0 _aLas lágrimas del sol
_lpor
245 1 0 _aLas lágrimas del sol
300 _a94
362 0 _a2008
697 _aLITERATURA ESPANHOLA
942 _cBK
999 _c190170
_d190170